000 01548nam2a22003491 4500
001 v19\rc\1463869
005 20250618195308.0
035 _a(NLR Aleph) 004685585
090 _a3865998
_c3865998
100 _a20060620d1876 |||y0rusy50 ca
101 0 _arus
102 _aRU
105 _ay z |||||
200 1 _aДокументы, содержащие известия о лицах и событиях из истории раскола за первое время его существования
_hЧ. 2
_iАкты, относящиеся к собору 1666-1667 года
210 _d1876
_aБ. м.
215 _a[2], 430 с.
461 0 _1001v19\rc\1463867
_12001#$aМатериалы для истории раскола за первое время его существования, издаваемые редакцией "Братского слова"$vТ. 2
_93865974
_cМосква
_d1875-1895
_tМатериалы для истории раскола за первое время его существования, издаваемые редакцией "Братского слова"
_vТ. 2
801 0 _aRU
_bNLR
_gpsbo
801 0 _aRU
_bRuMoRGB
_2psbo
801 1 _aRU
_bProSoft-M
_2rusmarc
852 _aNLR
_bМф
_jК1/15632(2)
852 _aNLR
_j18.106.7.44(2)
852 _aNLR
_j133/2710(2)
852 _aNLR
_bМф
_jК-1/10828
899 _aRuMoRGB
_jM 43/30
899 _aБАН
899 _aНБ СПбГУ
899 _aГПИБ
899 _aНБ МГУ
942 _cBOOK
980 _aNB